| 000 | 00592nam a2200205 u 4500 | ||
|---|---|---|---|
| 005 | 20240501063656.0 | ||
| 008 | 160727s2009 es r 000 0 spa d | ||
| 020 | _a9788492595273 | ||
| 035 | _aUPN01000211964 | ||
| 049 | _aI | ||
| 050 | 4 |
_aPZ74.7 _bS4.9 |
|
| 100 | 1 |
_aSerrano, Lucía _939528 |
|
| 245 | 1 | 1 |
_a¡Yo quiero una mascota! / _ctexto e il. Lucía Serrano. |
| 260 |
_aBarcelona, Esp. : _bThule, _c2009. |
||
| 300 |
_a[22] p. : _bil. col. |
||
| 440 | 0 | _aTrampantojo | |
| 650 | 4 |
_aMascotas _vLiteratura infantil _921679 |
|
| 650 | 4 |
_aNIÑOS Y ANIMALES _922050 |
|
| 905 | _aInfantil | ||
| 999 |
_c184065 _d184065 |
||